[Event "ABC 2024 Utrecht, Groep A"]
[Site "Utrecht"]
[Date "2024.03.09"]
[Round "1.6"]
[White "Knol, Daniel"]
[Black "Van de Poel, Jona"]
[Result "1-0"]
[WhiteElo "1957"]
[BlackElo "1862"]

1. e4 {[%clk 00:55:19]} {[%emt 00:00:01]} c5 {[%clk 00:55:14]} {[%emt
00:00:05]} 2. c3 {[%clk 00:55:23]} {[%emt 00:00:06]} Nf6 {[%clk 00:55:18]}
{[%emt 00:00:06]} 3. e5 {[%clk 00:55:30]} {[%emt 00:00:03]} Nd5 {[%clk
00:55:24]} {[%emt 00:00:05]} 4. Nf3 {[%clk 00:55:35]} {[%emt 00:00:05]} d6
{[%clk 00:55:06]} {[%emt 00:00:28]} 5. d4 {[%clk 00:55:40]} {[%emt 00:00:05]}
cxd4 {[%clk 00:54:42]} {[%emt 00:00:34]} 6. cxd4 {[%clk 00:55:36]} {[%emt
00:00:13]} dxe5 {[%clk 00:54:06]} {[%emt 00:00:47]} 7. dxe5 {[%clk 00:55:40]}
{[%emt 00:00:06]} Nc6 {[%clk 00:53:35]} {[%emt 00:00:41]} 8. Bc4 {[%clk
00:53:30]} {[%emt 00:02:20]} e6 {[%clk 00:48:52]} {[%emt 00:04:53]} 9. O-O
{[%clk 00:53:20]} {[%emt 00:00:20]} Be7 {[%clk 00:47:32]} {[%emt 00:01:31]} 10.
Qe2 {[%clk 00:52:22]} {[%emt 00:01:08]} Nb6 {[%clk 00:45:26]} {[%emt 00:02:16]}
11. Rd1 {[%clk 00:51:08]} {[%emt 00:01:23]} Bd7 {[%clk 00:44:34]} {[%emt
00:01:02]} 12. Bb3 {[%clk 00:45:58]} {[%emt 00:05:21]} O-O {[%clk 00:43:31]}
{[%emt 00:01:12]} 13. Nc3 {[%clk 00:46:02]} {[%emt 00:00:06]} Qb8 {[%clk
00:36:28]} {[%emt 00:07:13]} 14. Qe4 {[%emt 00:07:49]} Nb4 {[%clk 00:27:07]}
{[%emt 00:09:29]} 15. Ng5 {[%clk 00:28:14]} {[%emt 00:10:22]} g6 {[%clk
00:26:21]} {[%emt 00:00:55]} 16. Qh4 {[%clk 00:27:06]} {[%emt 00:01:18]} h5
{[%clk 00:26:19]} {[%emt 00:00:12]} 17. Qg3 {[%clk 00:25:27]} {[%emt 00:01:50]}
Rd8 {[%clk 00:24:55]} {[%emt 00:01:34]} 18. Nge4 {[%clk 00:22:32]} {[%emt
00:03:05]} Bc6 {[%clk 00:23:31]} {[%emt 00:01:34]} 19. Bg5 {[%clk 00:22:11]}
{[%emt 00:00:30]} Bxg5 {[%clk 00:22:16]} {[%emt 00:01:25]} 20. Qxg5 {[%clk
00:21:13]} {[%emt 00:01:08]} N4d5 {[%clk 00:20:32]} {[%emt 00:01:55]} 21. Nf6+
{[%clk 00:20:01]} {[%emt 00:01:22]} Nxf6 {[%clk 00:20:13]} {[%emt 00:00:28]} 22.
exf6 {[%clk 00:20:09]} {[%emt 00:00:02]} Kh7 {[%clk 00:15:43]} {[%emt
00:04:40]} 23. Bc2 {[%clk 00:18:43]} {[%emt 00:01:37]} Rxd1+ {[%clk 00:14:56]}
{[%emt 00:00:56]} 24. Rxd1 {[%clk 00:18:47]} {[%emt 00:00:07]} Qf8 {[%clk
00:14:49]} {[%emt 00:00:17]} 25. Qxh5+ {[%clk 00:16:14]} {[%emt 00:02:43]} Qh6
{[%clk 00:14:52]} {[%emt 00:00:06]} 26. Qxh6+ {[%clk 00:12:21]} {[%emt
00:04:04]} Kxh6 {[%clk 00:14:57]} {[%emt 00:00:05]} 27. Be4 {[%clk 00:12:22]}
{[%emt 00:00:09]} Kg5 {[%clk 00:13:33]} {[%emt 00:01:33]} 28. Bxc6 {[%clk
00:12:19]} {[%emt 00:00:13]} bxc6 {[%clk 00:13:36]} {[%emt 00:00:07]} 29. Ne4+
{[%clk 00:12:26]} {[%emt 00:00:03]} Kf5 {[%clk 00:13:09]} {[%emt 00:00:37]} 30.
f3 {[%clk 00:12:05]} {[%emt 00:00:32]} Nd5 {[%clk 00:12:59]} {[%emt 00:00:20]}
31. Rc1 {[%clk 00:11:13]} {[%emt 00:01:01]} Rd8 {[%clk 00:11:36]} {[%emt
00:01:33]} 32. Rxc6 {[%clk 00:10:45]} {[%emt 00:00:39]} Nxf6 {[%clk 00:10:19]}
{[%emt 00:01:26]} 33. Nxf6 Kxf6 {[%clk 00:10:22]} 34. Rc2 {[%clk 00:06:04]}
{[%emt 00:00:04]} g5 {[%clk 00:09:29]} {[%emt 00:01:02]} 35. Kf2 {[%clk
00:06:04]} {[%emt 00:00:11]} Kg6 {[%clk 00:09:18]} {[%emt 00:00:21]} 36. Ke3
{[%clk 00:05:27]} {[%emt 00:00:47]} Rd6 {[%clk 00:08:52]} {[%emt 00:00:36]} 37.
b4 {[%clk 00:04:37]} {[%emt 00:01:00]} a5 {[%clk 00:08:23]} {[%emt 00:00:39]}
38. b5 {[%clk 00:04:20]} {[%emt 00:00:26]} Kf6 {[%clk 00:07:12]} {[%emt
00:01:22]} 39. Rc7 {[%clk 00:03:35]} {[%emt 00:00:55]} a4 {[%clk 00:06:54]}
{[%emt 00:00:28]} 40. Ra7 {[%clk 00:03:39]} {[%emt 00:00:06]} Rb6 {[%clk
00:06:29]} {[%emt 00:00:35]} 41. Rxa4 {[%clk 00:02:01]} {[%emt 00:01:48]} Rxb5
{[%clk 00:06:34]} {[%emt 00:00:05]} 42. Rd4 {[%clk 00:02:06]} {[%emt 00:00:05]}
Ra5 {[%clk 00:06:30]} {[%emt 00:00:14]} 43. a4 {[%clk 00:02:12]} {[%emt
00:00:04]} Ke5 {[%clk 00:06:10]} {[%emt 00:00:29]} 44. Kd3 {[%clk 00:01:57]}
{[%emt 00:00:25]} Rc5 {[%clk 00:05:19]} {[%emt 00:01:02]} 45. Rb4 {[%clk
00:02:05]} {[%emt 00:00:02]} Rc1 {[%clk 00:04:56]} {[%emt 00:00:33]} 46. Rb5+
{[%clk 00:02:08]} {[%emt 00:00:07]} Kf6 {[%clk 00:05:03]} {[%emt 00:00:02]} 47.
a5 {[%clk 00:02:12]} {[%emt 00:00:07]} Ra1 {[%clk 00:05:09]} {[%emt 00:00:03]}
48. Kc4 {[%clk 00:02:15]} {[%emt 00:00:07]} Rc1+ {[%clk 00:04:47]} {[%emt
00:00:32]} 49. Kb4 {[%clk 00:02:19]} {[%emt 00:00:05]} Rc2 {[%clk 00:04:27]}
{[%emt 00:00:32]} 50. a6 {[%clk 00:02:27]} {[%emt 00:00:03]} Rxg2 {[%clk
00:03:42]} {[%emt 00:00:54]} 51. a7 {[%clk 00:02:34]} {[%emt 00:00:04]} Rb2+
{[%clk 00:03:50]} {[%emt 00:00:01]} 52. Kc5 {[%clk 00:02:21]} {[%emt 00:00:21]}
Ra2 {[%clk 00:03:40]} {[%emt 00:00:22]} 53. Kb6 {[%clk 00:02:31]} {[%emt
00:00:01]} Rxa7 {[%clk 00:03:29]} {[%emt 00:00:20]} 54. Kxa7 {[%clk 00:02:40]}
{[%emt 00:00:01]} 1-0

[Event "ABC 2024 Utrecht, Groep A"]
[Site "Utrecht"]
[Date "2024.03.09"]
[Round "1.7"]
[White "Elferink, Leon"]
[Black "Van Arendonk, Polle"]
[Result "0-1"]
[WhiteElo "1804"]
[BlackElo "1930"]

1. e4 {[%clk 00:55:14]} {[%emt 00:00:06]} e6 {[%clk 00:54:19]} {[%emt
00:01:02]} 2. d4 {[%clk 00:54:46]} {[%emt 00:00:37]} d5 {[%clk 00:54:25]}
{[%emt 00:00:04]} 3. Nc3 {[%clk 00:54:38]} {[%emt 00:00:17]} Bb4 {[%clk
00:54:31]} {[%emt 00:00:05]} 4. e5 {[%clk 00:53:41]} {[%emt 00:01:07]} c5
{[%clk 00:54:37]} {[%emt 00:00:04]} 5. Nf3 {[%clk 00:53:36]} {[%emt 00:00:15]}
Nc6 {[%clk 00:51:02]} {[%emt 00:03:45]} 6. Bb5 {[%clk 00:49:14]} {[%emt
00:04:31]} Nge7 {[%clk 00:49:39]} {[%emt 00:01:33]} 7. O-O {[%clk 00:48:46]}
{[%emt 00:00:38]} Bd7 {[%clk 00:48:42]} {[%emt 00:01:07]} 8. Ne2 {[%clk
00:46:12]} {[%emt 00:02:44]} Nxe5 {[%clk 00:46:59]} {[%emt 00:01:53]} 9. Bxd7+
{[%clk 00:41:22]} {[%emt 00:05:00]} Nxd7 {[%clk 00:47:02]} {[%emt 00:00:08]} 10.
a3 {[%clk 00:41:07]} {[%emt 00:00:25]} Ba5 {[%clk 00:46:12]} {[%emt 00:00:59]}
11. dxc5 {[%clk 00:39:45]} {[%emt 00:01:33]} Bc7 {[%clk 00:45:33]} {[%emt
00:00:49]} 12. b4 {[%clk 00:38:49]} {[%emt 00:01:06]} a5 {[%clk 00:44:24]}
{[%emt 00:01:19]} 13. Bb2 {[%clk 00:37:56]} {[%emt 00:01:01]} O-O {[%clk
00:43:05]} {[%emt 00:01:30]} 14. c4 {[%clk 00:36:19]} {[%emt 00:01:47]} Nf6
{[%clk 00:35:35]} {[%emt 00:07:41]} 15. Qb3 {[%clk 00:26:35]} {[%emt 00:09:53]}
dxc4 {[%clk 00:29:07]} {[%emt 00:06:39]} 16. Qxc4 {[%clk 00:26:27]} {[%emt
00:00:17]} Ned5 {[%clk 00:26:37]} {[%emt 00:02:40]} 17. Nc3 {[%clk 00:23:14]}
{[%emt 00:03:22]} Qe7 {[%clk 00:24:32]} {[%emt 00:02:16]} 18. Rfe1 {[%clk
00:20:03]} {[%emt 00:03:20]} Rfd8 {[%clk 00:22:10]} {[%emt 00:02:33]} 19. Nxd5
{[%clk 00:16:12]} {[%emt 00:04:01]} Rxd5 {[%clk 00:19:57]} {[%emt 00:02:22]} 20.
Rad1 {[%clk 00:15:00]} {[%emt 00:01:22]} Rxd1 {[%clk 00:18:24]} {[%emt
00:01:43]} 21. Rxd1 {[%clk 00:15:03]} {[%emt 00:00:08]} axb4 {[%clk 00:16:11]}
{[%emt 00:02:24]} 22. axb4 {[%clk 00:14:06]} {[%emt 00:01:06]} Nd5 {[%clk
00:14:39]} {[%emt 00:01:42]} 23. Be5 {[%clk 00:09:55]} {[%emt 00:04:20]} Ra4
{[%clk 00:09:51]} {[%emt 00:04:59]} 24. Rb1 {[%clk 00:01:57]} {[%emt 00:08:08]}
Bxe5 {[%clk 00:08:24]} {[%emt 00:01:37]} 25. Nxe5 {[%clk 00:02:05]} {[%emt
00:00:01]} h6 {[%clk 00:07:34]} {[%emt 00:01:00]} 26. Qb3 {[%clk 00:01:48]}
{[%emt 00:00:28]} Rxb4 {[%clk 00:07:19]} {[%emt 00:00:24]} 27. Qc2 {[%clk
00:01:57]} Rxb1+ {[%clk 00:07:00]} {[%emt 00:00:30]} 28. Qxb1 {[%clk 00:02:06]}
Qxc5 {[%clk 00:06:54]} {[%emt 00:00:16]} 29. g3 {[%clk 00:02:13]} {[%emt
00:00:04]} Nc3 {[%clk 00:04:58]} {[%emt 00:02:05]} 30. Qe1 {[%clk 00:02:12]}
{[%emt 00:00:10]} b5 {[%clk 00:04:45]} {[%emt 00:00:23]} 31. Nd7 {[%clk
00:02:07]} {[%emt 00:00:15]} Qd4 {[%clk 00:04:39]} {[%emt 00:00:16]} 32. Ne5
{[%clk 00:01:43]} {[%emt 00:00:35]} b4 {[%clk 00:04:33]} {[%emt 00:00:16]} 33.
Nf3 {[%clk 00:01:51]} {[%emt 00:00:01]} Qd1 {[%clk 00:03:44]} {[%emt 00:01:00]}
0-1

[Event "ABC 2024 Utrecht, Groep A"]
[Site "Utrecht"]
[Date "2024.03.09"]
[Round "2.1"]
[White "Smeets, Kobe"]
[Black "Knol, Daniel"]
[Result "1-0"]
[WhiteElo "2244"]
[BlackElo "1957"]

1. e4 {[%clk 00:55:18]} c5 {[%clk 00:55:16]} {[%emt 00:00:04]} 2. Nf3 {[%clk
00:55:24]} {[%emt 00:00:03]} e6 {[%clk 00:55:19]} {[%emt 00:00:08]} 3. d4
{[%clk 00:55:28]} {[%emt 00:00:06]} cxd4 {[%clk 00:55:25]} {[%emt 00:00:03]} 4.
Nxd4 {[%clk 00:55:33]} {[%emt 00:00:05]} Nf6 {[%clk 00:55:31]} {[%emt
00:00:07]} 5. Nc3 {[%clk 00:55:26]} {[%emt 00:00:15]} Nc6 {[%clk 00:55:36]}
{[%emt 00:00:07]} 6. Qd3 {[%clk 00:55:29]} {[%emt 00:00:04]} Bb4 {[%clk
00:54:43]} {[%emt 00:01:03]} 7. a3 {[%clk 00:53:29]} {[%emt 00:02:11]} Qa5
{[%clk 00:44:56]} {[%emt 00:09:58]} 8. Bd2 {[%clk 00:52:26]} {[%emt 00:01:12]}
Nxd4 {[%emt 00:01:56]} 9. Qxd4 {[%clk 00:51:51]} {[%emt 00:00:42]} Bc5 {[%clk
00:42:59]} {[%emt 00:00:22]} 10. Qd3 {[%clk 00:50:02]} {[%emt 00:02:00]} Qb6
{[%clk 00:41:44]} {[%emt 00:01:27]} 11. Qg3 {[%clk 00:45:49]} {[%emt 00:04:21]}
Bd4 {[%clk 00:39:25]} {[%emt 00:02:29]} 12. Bd3 {[%clk 00:43:37]} {[%emt
00:02:22]} Nh5 {[%clk 00:37:01]} {[%emt 00:02:35]} 13. Qf3 {[%clk 00:42:40]}
{[%emt 00:01:06]} g6 {[%clk 00:34:28]} {[%emt 00:02:44]} 14. O-O-O {[%clk
00:40:38]} {[%emt 00:02:11]} a6 {[%clk 00:33:09]} {[%emt 00:01:30]} 15. g4
{[%clk 00:38:57]} {[%emt 00:01:50]} Ng7 {[%clk 00:32:24]} {[%emt 00:00:56]} 16.
Bc4 {[%clk 00:35:27]} {[%emt 00:03:40]} Qc5 {[%clk 00:28:42]} {[%emt 00:03:52]}
17. Bb3 {[%clk 00:34:16]} {[%emt 00:01:20]} b5 {[%clk 00:27:29]} {[%emt
00:01:24]} 18. Ne2 {[%clk 00:29:58]} {[%emt 00:04:27]} Be5 {[%clk 00:26:28]}
{[%emt 00:01:12]} 19. Qg2 {[%clk 00:27:57]} {[%emt 00:02:10]} Bb7 {[%clk
00:24:43]} {[%emt 00:01:56]} 20. f4 {[%clk 00:27:52]} {[%emt 00:00:15]} Bf6
{[%clk 00:24:45]} {[%emt 00:00:08]} 21. g5 {[%clk 00:27:26]} {[%emt 00:00:35]}
Be7 {[%clk 00:24:27]} {[%emt 00:00:29]} 22. Kb1 {[%clk 00:24:46]} {[%emt
00:02:50]} Qb6 {[%clk 00:23:39]} {[%emt 00:00:58]} 23. Bc3 {[%clk 00:23:54]}
{[%emt 00:01:02]} Rg8 {[%clk 00:23:31]} {[%emt 00:00:17]} 24. Ng3 {[%clk
00:22:34]} {[%emt 00:01:31]} O-O-O {[%clk 00:23:02]} {[%emt 00:00:39]} 25. Qd2
{[%clk 00:22:20]} {[%emt 00:00:23]} d5 {[%clk 00:22:16]} {[%emt 00:00:57]} 26.
Ba5 {[%clk 00:22:07]} {[%emt 00:00:23]} Qc5 {[%clk 00:21:06]} {[%emt 00:01:20]}
27. Bxd8 {[%clk 00:21:07]} {[%emt 00:01:10]} Rxd8 {[%clk 00:21:11]} {[%emt
00:00:04]} 28. exd5 {[%clk 00:21:06]} {[%emt 00:00:12]} Bxd5 {[%clk 00:21:08]}
{[%emt 00:00:12]} 29. Bxd5 {[%clk 00:20:50]} {[%emt 00:00:26]} Rxd5 {[%clk
00:21:09]} {[%emt 00:00:10]} 30. Qe2 {[%clk 00:18:48]} {[%emt 00:02:11]} Nf5
{[%clk 00:20:17]} {[%emt 00:01:03]} 31. Rxd5 {[%clk 00:17:37]} {[%emt
00:01:21]} Qxd5 {[%clk 00:20:22]} {[%emt 00:00:04]} 32. Rd1 {[%clk 00:17:23]}
{[%emt 00:00:25]} Nxg3 {[%clk 00:20:07]} {[%emt 00:00:25]} 33. hxg3 {[%clk
00:17:27]} {[%emt 00:00:06]} Qc6 {[%clk 00:19:28]} {[%emt 00:00:49]} 34. Qe5
{[%clk 00:17:19]} {[%emt 00:00:17]} Kb7 {[%clk 00:18:50]} {[%emt 00:00:49]} 35.
Qg7 {[%clk 00:16:31]} {[%emt 00:00:57]} 1-0

[Event "ABC 2024 Utrecht, Groep A"]
[Site "Utrecht"]
[Date "2024.03.09"]
[Round "2.2"]
[White "Van Arendonk, Polle"]
[Black "Zhu, Chenwu"]
[Result "1/2-1/2"]
[WhiteElo "1930"]
[BlackElo "2042"]

1. e4 {[%clk 00:55:17]} {[%emt 00:00:02]} c5 {[%clk 00:55:16]} {[%emt
00:00:05]} 2. Nf3 {[%clk 00:55:24]} {[%emt 00:00:03]} Nc6 {[%clk 00:55:18]}
{[%emt 00:00:08]} 3. d4 {[%clk 00:55:30]} {[%emt 00:00:05]} cxd4 {[%clk
00:55:24]} {[%emt 00:00:03]} 4. Nxd4 {[%clk 00:55:37]} {[%emt 00:00:05]} g6
{[%clk 00:55:30]} {[%emt 00:00:03]} 5. c4 {[%clk 00:55:43]} {[%emt 00:00:04]}
Nf6 {[%clk 00:55:31]} {[%emt 00:00:09]} 6. Nc3 {[%clk 00:55:49]} {[%emt
00:00:06]} Nxd4 {[%clk 00:55:36]} {[%emt 00:00:02]} 7. Qxd4 {[%clk 00:55:54]}
{[%emt 00:00:05]} d6 {[%clk 00:55:42]} {[%emt 00:00:04]} 8. Be2 {[%clk
00:55:20]} {[%emt 00:00:44]} Bg7 {[%clk 00:55:46]} {[%emt 00:00:06]} 9. Be3
{[%clk 00:55:06]} {[%emt 00:00:26]} O-O {[%clk 00:55:48]} {[%emt 00:00:08]} 10.
Qd2 {[%clk 00:54:57]} {[%emt 00:00:18]} Be6 {[%clk 00:55:22]} {[%emt 00:00:36]}
11. Rc1 {[%clk 00:53:43]} {[%emt 00:01:26]} Qa5 {[%clk 00:53:58]} {[%emt
00:01:32]} 12. O-O {[%clk 00:53:03]} {[%emt 00:00:50]} Rfc8 {[%clk 00:49:43]}
{[%emt 00:04:24]} 13. b3 {[%clk 00:51:54]} {[%emt 00:01:19]} a6 {[%clk
00:45:41]} {[%emt 00:04:12]} 14. f4 {[%clk 00:48:29]} {[%emt 00:03:35]} b5
{[%clk 00:39:44]} {[%emt 00:06:08]} 15. e5 {[%clk 00:40:30]} {[%emt 00:08:09]}
dxe5 {[%clk 00:36:47]} {[%emt 00:03:07]} 16. fxe5 {[%clk 00:40:34]} {[%emt
00:00:06]} Nd7 {[%clk 00:32:10]} {[%emt 00:04:46]} 17. Bf3 {[%clk 00:35:07]}
{[%emt 00:05:38]} bxc4 {[%clk 00:23:20]} {[%emt 00:09:00]} 18. Bxa8 {[%clk
00:33:10]} {[%emt 00:02:07]} Rxa8 {[%clk 00:23:13]} {[%emt 00:00:17]} 19. bxc4
{[%clk 00:32:23]} {[%emt 00:00:58]} Nxe5 {[%clk 00:21:29]} {[%emt 00:01:53]} 20.
Nd5 {[%clk 00:25:55]} {[%emt 00:06:38]} Qxd2 {[%clk 00:17:30]} {[%emt
00:04:09]} 21. Bxd2 {[%clk 00:26:03]} {[%emt 00:00:02]} Nd3 {[%clk 00:13:40]}
{[%emt 00:04:00]} 22. Rc2 {[%clk 00:23:05]} {[%emt 00:03:08]} Bxd5 {[%clk
00:12:41]} {[%emt 00:01:10]} 23. cxd5 {[%clk 00:23:00]} {[%emt 00:00:14]} Bd4+
{[%clk 00:12:40]} {[%emt 00:00:11]} 24. Kh1 {[%clk 00:23:03]} {[%emt 00:00:06]}
Nf2+ {[%clk 00:12:24]} {[%emt 00:00:26]} 25. Kg1 {[%clk 00:18:04]} {[%emt
00:05:10]} Nh3+ {[%clk 00:12:07]} {[%emt 00:00:27]} 26. Kh1 {[%clk 00:18:09]}
{[%emt 00:00:04]} Nf2+ {[%clk 00:12:13]} {[%emt 00:00:04]} 27. Kg1 {[%clk
00:18:16]} {[%emt 00:00:04]} 1/2-1/2

[Event "ABC 2024 Utrecht, Groep A"]
[Site "Utrecht"]
[Date "2024.03.09"]
[Round "2.3"]
[White "Mulder, Lars"]
[Black "Van Hesselingen, Guido"]
[Result "0-1"]
[WhiteElo "1538"]
[BlackElo "2023"]

1. e4 {[%clk 00:55:19]} e5 {[%clk 00:55:14]} {[%emt 00:00:07]} 2. Nf3 {[%clk
00:55:24]} {[%emt 00:00:04]} Nc6 {[%clk 00:55:19]} {[%emt 00:00:05]} 3. Bc4
{[%clk 00:55:31]} {[%emt 00:00:04]} Bc5 {[%clk 00:55:25]} {[%emt 00:00:06]} 4.
c3 {[%clk 00:55:38]} {[%emt 00:00:01]} Nf6 {[%clk 00:55:31]} {[%emt 00:00:03]}
5. d4 {[%clk 00:55:44]} {[%emt 00:00:05]} exd4 {[%clk 00:55:36]} {[%emt
00:00:05]} 6. cxd4 {[%clk 00:55:49]} {[%emt 00:00:05]} Bb4+ {[%clk 00:55:41]}
{[%emt 00:00:04]} 7. Bd2 {[%clk 00:55:53]} {[%emt 00:00:07]} Bxd2+ {[%clk
00:55:10]} {[%emt 00:00:43]} 8. Nbxd2 {[%clk 00:55:57]} {[%emt 00:00:04]} d5
{[%clk 00:55:10]} {[%emt 00:00:11]} 9. exd5 {[%clk 00:53:25]} {[%emt 00:02:42]}
Nxd5 {[%clk 00:55:00]} {[%emt 00:00:20]} 10. O-O {[%clk 00:52:42]} {[%emt
00:00:54]} O-O {[%clk 00:52:51]} {[%emt 00:02:17]} 11. Re1 {[%clk 00:48:17]}
{[%emt 00:04:35]} Bg4 {[%clk 00:49:42]} {[%emt 00:03:19]} 12. Qc2 {[%clk
00:41:36]} {[%emt 00:06:51]} Nb6 {[%clk 00:37:45]} {[%emt 00:12:07]} 13. Qc3
{[%clk 00:33:35]} {[%emt 00:08:11]} Nxc4 {[%clk 00:35:04]} {[%emt 00:02:51]} 14.
Qxc4 {[%clk 00:33:02]} {[%emt 00:00:43]} Be6 {[%clk 00:34:01]} {[%emt
00:01:12]} 15. Qc5 {[%clk 00:23:23]} {[%emt 00:09:49]} Qd7 {[%clk 00:29:48]}
{[%emt 00:04:24]} 16. Red1 {[%clk 00:14:15]} {[%emt 00:09:19]} Rad8 {[%clk
00:28:21]} {[%emt 00:01:36]} 17. Ne4 {[%clk 00:10:53]} {[%emt 00:03:32]} Qd5
{[%clk 00:23:32]} {[%emt 00:04:59]} 18. Qxd5 {[%clk 00:09:47]} {[%emt
00:01:17]} Bxd5 {[%clk 00:23:35]} {[%emt 00:00:05]} 19. Re1 {[%clk 00:07:31]}
{[%emt 00:02:27]} f6 {[%clk 00:15:44]} {[%emt 00:08:01]} 20. a3 {[%clk
00:05:39]} {[%emt 00:02:03]} Kf7 {[%clk 00:14:50]} {[%emt 00:01:03]} 21. Rad1
{[%clk 00:04:38]} {[%emt 00:01:12]} Rfe8 {[%clk 00:14:25]} {[%emt 00:00:35]} 22.
Nc5 {[%clk 00:03:32]} {[%emt 00:01:16]} Rxe1+ {[%clk 00:12:55]} {[%emt
00:01:39]} 23. Nxe1 {[%clk 00:03:20]} {[%emt 00:00:22]} b6 {[%clk 00:09:37]}
{[%emt 00:03:28]} 24. Na6 {[%clk 00:03:18]} {[%emt 00:00:12]} Rd7 {[%clk
00:09:00]} {[%emt 00:00:47]} 25. Nc2 {[%clk 00:03:12]} {[%emt 00:00:16]} Bb3
{[%clk 00:07:25]} {[%emt 00:01:45]} 26. Rd2 {[%clk 00:03:10]} {[%emt 00:00:12]}
Na5 {[%clk 00:07:14]} {[%emt 00:00:22]} 27. Ne3 {[%clk 00:02:09]} {[%emt
00:01:10]} c5 {[%clk 00:06:51]} {[%emt 00:00:33]} 28. d5 {[%clk 00:01:50]}
{[%emt 00:00:29]} Nc4 {[%clk 00:05:30]} {[%emt 00:01:31]} 29. Nxc4 {[%clk
00:01:48]} {[%emt 00:00:13]} Bxc4 {[%clk 00:05:36]} {[%emt 00:00:04]} 30. Nb8
{[%clk 00:01:56]} {[%emt 00:00:02]} Rxd5 {[%clk 00:05:16]} {[%emt 00:00:29]} 31.
Rxd5 {[%clk 00:01:47]} {[%emt 00:00:19]} Bxd5 {[%clk 00:05:24]} {[%emt
00:00:02]} 32. f3 {[%clk 00:01:37]} {[%emt 00:00:20]} Bb7 {[%clk 00:04:45]}
{[%emt 00:00:49]} 33. Nd7 {[%clk 00:01:23]} {[%emt 00:00:24]} Ke7 {[%clk
00:04:43]} {[%emt 00:00:11]} 34. Nxc5 {[%clk 00:01:14]} {[%emt 00:00:20]} bxc5
{[%clk 00:04:49]} {[%emt 00:00:05]} 35. Kf2 {[%clk 00:01:20]} {[%emt 00:00:03]}
Kd6 {[%clk 00:04:50]} {[%emt 00:00:09]} 36. Ke3 {[%clk 00:01:26]} {[%emt
00:00:04]} Kd5 {[%clk 00:04:55]} {[%emt 00:00:05]} 37. Kd3 {[%clk 00:01:33]}
{[%emt 00:00:02]} Ba6+ {[%clk 00:04:47]} {[%emt 00:00:20]} 38. Kc3 {[%clk
00:01:37]} {[%emt 00:00:05]} Bf1 {[%clk 00:04:36]} {[%emt 00:00:21]} 39. g3
{[%clk 00:01:38]} {[%emt 00:00:08]} Be2 {[%clk 00:04:43]} {[%emt 00:00:03]} 40.
f4 {[%clk 00:01:15]} {[%emt 00:00:34]} Ke4 {[%clk 00:04:44]} {[%emt 00:00:08]}
41. Kd2 {[%clk 00:01:25]} {[%emt 00:00:01]} Kf3 {[%clk 00:04:46]} {[%emt
00:00:08]} 42. Ke1 {[%clk 00:01:30]} {[%emt 00:00:05]} Bb5 {[%clk 00:04:40]}
{[%emt 00:00:17]} 43. Kd2 {[%clk 00:01:10]} {[%emt 00:00:29]} Kg2 {[%clk
00:04:43]} {[%emt 00:00:07]} 44. Ke3 {[%clk 00:01:19]} {[%emt 00:00:01]} Bc6
{[%clk 00:04:29]} {[%emt 00:00:24]} 45. b4 {[%clk 00:00:32]} {[%emt 00:00:57]}
cxb4 {[%clk 00:04:24]} {[%emt 00:00:15]} 46. axb4 {[%clk 00:00:40]} {[%emt
00:00:02]} Kxh2 {[%clk 00:04:32]} {[%emt 00:00:02]} 47. Kf2 {[%clk 00:00:31]}
{[%emt 00:00:19]} f5 {[%clk 00:04:32]} {[%emt 00:00:10]} 0-1